LEADER 00827nam0-22003131i-450- 001 990002000800403321 005 20040429111520.0 035 $a000200080 035 $aFED01000200080 035 $a(Aleph)000200080FED01 035 $a000200080 100 $a20030910d1930----km-y0itay50------ba 101 0 $aita 102 $aIT 105 $ay---a---001yy 200 1 $a<>obiettivo fotografico$fDomenico Argentieri 210 $aMilano$cUlrico Hoepli$d1930 215 $a169 p.$d15 cm 610 0 $aLaboratorio$aTecniche 610 0 $aFotografia 676 $a770.28 700 1$aArgentieri,$bDomenico$03022 801 0$aIT$bUNINA$gRICA$2UNIMARC 901 $aBK 912 $a990002000800403321 952 $a61 I A.6/092$b1611$fDAGEN 959 $aDAGEN 996 $aObiettivo fotografico$9403264 997 $aUNINA LEADER 02431nam0 2200529 i 450 001 VAN00124251 005 20240806100815.926 017 70$2N$a9783319681498 100 $a20191014d2017 |0itac50 ba 101 $aeng 102 $aCH 105 $a|||| ||||| 200 1 $aProperties of Closed 3-Braids and Braid Representations of Links$fAlexander Stoimenow 210 $aCham$cSpringer$d2017 215 $ax, 110 p.$cill.$d24 cm 410 1$1001VAN00102596$12001 $aSpringerBriefs in mathematics$1210 $aBerlin [etc.]$cSpringer$d2011- 500 1$3VAN00235896$aProperties of Closed 3-Braids and Braid Representations of Links$91563038 606 $a12D10$xPolynomials in real and complex fields: location of zeros (algebraic theorems) [MSC 2020]$3VANC022429$2MF 606 $a20C08$xHecke algebras and their representations [MSC 2020]$3VANC019742$2MF 606 $a20F36$xBraid groups; Artin groups [MSC 2020]$3VANC020910$2MF 606 $a32S55$xMilnor fibration; relations with knot theory [MSC 2020]$3VANC035229$2MF 610 $aAlexander polynomial$9KW:K 610 $aApplications of representation theory$9KW:K 610 $aBurau representation$9KW:K 610 $aFibered Dean knots$9KW:K 610 $aGauss sum invariants$9KW:K 610 $aIncompressible surface$9KW:K 610 $aJones polynomial$9KW:K 610 $aLink polynomial$9KW:K 610 $aMahler measures$9KW:K 610 $aMorton-Franks-Williams bound$9KW:K 610 $aPositive braid$9KW:K 610 $aPositivity of 3-braid links$9KW:K 610 $aRecovering the Burau trace$9KW:K 610 $aSeifert surface$9KW:K 610 $aStrongly quasi-positive link$9KW:K 620 $aCH$dCham$3VANL001889 700 1$aStoimenow$bAlexander$3VANV095694$0767615 712 $aSpringer $3VANV108073$4650 801 $aIT$bSOL$c20241115$gRICA 856 4 $uhttp://doi.org/10.1007/978-3-319-68149-8$zE-book ? Accesso al full-text attraverso riconoscimento IP di Ateneo, proxy e/o Shibboleth 899 $aBIBLIOTECA DEL DIPARTIMENTO DI MATEMATICA E FISICA$1IT-CE0120$2VAN08 912 $fN 912 $aVAN00124251 950 $aBIBLIOTECA DEL DIPARTIMENTO DI MATEMATICA E FISICA$d08DLOAD e-book 0856 $e08eMF856 20191014 996 $aProperties of Closed 3-Braids and Braid Representations of Links$91563038 997 $aUNICAMPANIA